Statistiken für Elemente nach Bild Quiz

Klicken Sie hier um das Quiz zu spielen!

Allgemein

  • Dieses Quiz wurde 1,521 mal gespielt
  • Das Durchschnittsergebnis liegt bei 9 aus 16

Antwortstatistiken

Answer % Korrekt
Gold
100%
Helium / Wasserstoff
78%
Eisen
78%
Aluminium / Zinn
72%
Quecksilber
72%
Kohlenstoff
66%
Neon
65%
Chlor
65%
Natrium
56%
Kalzium
53%
Uran
49%
Chrom
45%
Wolfram
41%
Kalium
30%
Silizium
29%
Blei
22%

Verteilung der Resultate

Perzentil nach korrekt beantworteten Fragen

Anzahl Personen mit jedem Resultat

Ihre Resultats-Entwicklung

Sie haben dieses Quiz noch nicht gespielt